Konsonanttirikkaimmat maat - Statistics

Yleistilastot
  • Tätä visaa on pelattu 76 kertaa
  • Keskiarvotulos 8 / 24
Vastaustilastot
% Maa % Oikein
75 Tšad
59%
64 Tadžikistan
54%
67 Turkmenistan
51%
67 Kazakstan
49%
67 Tšekki
46%
67 Luxemburg
44%
67 Turkki
44%
70 Bangladesh
37%
63 Sri Lanka
37%
63 Zimbabwe
37%
67 Bhutan
34%
67 Kypros
34%
67 Ranska
34%
64 Yhdysvallat
34%
63 Marshallinsaaret
32%
63 Pakistan
29%
65 Saint Kitts ja Nevis
29%
67 Tanska
27%
63 Barbados
24%
63 Honduras
24%
63 Kambodža
24%
63 Mosambik
24%
63 Botswana
22%
63 Kap Verde
20%
Ehtoja vastaavia visoja ei löytynyt
Tulosjakauma
Jokaisen tuloksen saaneiden osuus
Persentiili vastausten määrän mukaan
Tuloshistoriasi
Et ole pelannut tätä visaa